| 000 | 00353pam a2200145 a 4500 | ||
|---|---|---|---|
| 020 | _c | ||
| 041 | _h | ||
| 082 | _a301.1 | ||
| 100 |
_amc DAVIDd (john w) / HARARI (Herbert) harari(herbe _eauthor |
||
| 245 |
_asocial psycology,Individual groups etc _hTextual Document |
||
| 250 | _a1st | ||
| 260 |
_bC.B.S F _c1986 |
||
| 300 | _a479 | ||
| 930 | _a9336 | ||
| 999 |
_c840094 _d840094 |
||